Estela literaria de Napoleón / (Record no. 185094)

MARC details
000 -LEADER
campo de control de longitud fija 00760nam a2200229 i 4500
001 - NÚMERO DE CONTROL
campo de control 185094
003 - IDENTIFICADOR DE NÚMERO DE CONTROL
campo de control SpMaBN
005 - FECHA Y HORA DE LA ÚLTIMA TRANSACCIÓN
campo de control 20230906222339.0
008 - DATOS DE LONGITUD FIJA--INFORMACIÓN GENERAL
campo de control de longitud fija 160321s1944 sp |||| |bspa d
080 ## - NÚMERO DE LA CLASIFICACIÓN DECIMAL UNIVERSAL
Número de la Clasificación Decimal Universal 929 Napoleón (44) I
245 00 - MENCIÓN DEL TÍTULO
Título Estela literaria de Napoleón /
Mención de responsabilidad, etc. [seleccionador] Pablo Beltrán de Heredia.
260 ## - PUBLICACIÓN, DISTRIBUCIÓN, ETC.
Lugar de publicación, distribución, etc. Madrid :
Nombre del editor, distribuidor, etc. Atlas,
Fecha de publicación, distribución, etc. 1944 (
Fabricante Diana)
300 ## - DESCRIPCIÓN FÍSICA
Extensión 223 p. ;
Dimensiones 19 cm.
490 1# - MENCIÓN DE SERIE
Mención de serie Cisneros ;
Designación de volumen o secuencia 95
500 ## - NOTA GENERAL
Nota general Índices.
504 ## - NOTA DE BIBLIOGRAFÍA, ETC.
Nota de bibliografía, etc. Bibliografía: p. [221]-223.
600 07 - PUNTO DE ACCESO ADICIONAL DE MATERIA--NOMBRE DE PERSONA
Nombre de persona Napoleón
Numeración I
Títulos y otros términos asociados al nombre , Emperador de Francia.
9 (RLIN) 84910
700 1# - ENTRADA AGREGADA--NOMBRE PERSONAL
Nombre de persona Beltrán de Heredia, Pablo.
9 (RLIN) 27358
830 0# - PUNTO DE ACCESO ADICIONAL DE SERIE-TÍTULO UNIFORME
Título uniforme Cisneros ;
Designación de volumen o secuencia 95
9 (RLIN) 182327
852 ## - LOCALIZACIÓN
Ubicación ES-MaACL
Número de control de estantería L-30275
Nota libre - enc. cart.
-- . - Donat. Carmen Zumárraga
Holdings
Estatus retirado Estado de pérdida Estado de daño No para préstamo Biblioteca de origen Biblioteca actual Ubicación en estantería Fecha de adquisición Fuente de adquisición Total de préstamos Signatura topográfica completa Código de barras Visto por última vez Precio de reemplazo Tipo de ítem Koha
        Biblioteca del Ateneo de Madrid Biblioteca del Ateneo de Madrid Depósito 2 21/03/2016     L-30275 1194963 23/02/2023 23/02/2023 Libro impreso